El Segundo decenio para el desarrollo y la integración económica regional /

Salvato in:
Dettagli Bibliografici
Autore principale: Balassa, Bela
Natura: testo
Tags: Aggiungi Tag
Nessun Tag, puoi essere il primo ad aggiungerne!!

MARC

LEADER 00000 a a2200000 04500
001 16066
003
040
100 |a Balassa, Bela  
245 |a El Segundo decenio para el desarrollo y la integración económica regional /  |c Bela Balassa 
773 |g número 11; páginas 5-19  
999 |c 33193  |d 33193